Megadiversidad de hormigas (Hymenoptera: Formicidae) de la cuenca media del río Calima (Registro nro. 15864)

Detalles MARC
000 -CABECERA
Campo de control 004160000a22001210004500
090 ## - CLASIFICACIÓN LOCAL
Colección As
Consecutivo Seriadas
041 0# - IDIOMA
Código de idioma para texto/pista de sonido o título separado
100 1# - ASIENTO PRINCIPAL--NOMBRE PERSONAL
Nombre personal Aldana de la Torre, Rosa Cecilia
245 10 - MENCION DE TITULO
Título Megadiversidad de hormigas (Hymenoptera: Formicidae) de la cuenca media del río Calima
700 1# - ASIENTO SECUNDARIO - NOMBRE PERSONAL
Nombre personal Chacón de Ulloa, Patricia
773 1# - Item fuente:
Título Revista Colombiana de Entomología
Descripción física 1-2
Paginas del Articulo 37-47
Lugar, editorial y fecha de publicación 1999
Información sobre la relación 25
942 ## - ELEMENTOS ADICIONALES (KOHA)
Tipo de ítem Artículo

No hay ítems disponibles.